Fr. Conceicao Rodrigues College of Engineering

Calculus & analytic Geometry (Record no. 22502)

MARC details
000 -LEADER
fixed length control field 00296nam a2200133Ia 4500
082 ## - DEWEY DECIMAL CLASSIFICATION NUMBER
Classification number 515
Item number Tho
100 ## - MAIN ENTRY--PERSONAL NAME
Personal name Thomas/G.B.
245 ## - TITLE STATEMENT
Title Calculus & analytic Geometry
260 ## - PUBLICATION, DISTRIBUTION, ETC.
Name of publisher, distributor, etc. Addison Wesly Pub.Co.
Place of publication, distribution, etc. Reading
Date of publication, distribution, etc. 1966
300 ## - PHYSICAL DESCRIPTION
Extent 1010
546 ## - LANGUAGE NOTE
Language note ENGLISH
654 ## - SUBJECT ADDED ENTRY--FACETED TOPICAL TERMS
Focus term Calculus
942 ## - ADDED ENTRY ELEMENTS (KOHA)
Koha item type BOOK
Holdings
Withdrawn status Lost status Damaged status Not for loan Collection Home library Current library Shelving location Date acquired Total Checkouts Full call number Barcode Date last seen Price effective from Koha item type
        AFT Fr. Agnel's C.Rodrigues College of Engineering Fr. Agnel's C.Rodrigues College of Engineering   17/03/2023   515 Tho AFT6892 17/03/2023 17/03/2023 BOOK